000 00561nam a2200193 4500
003 LK-CoMWRAF
005 20231201140124.0
008 230902b2001 |||||||| |||| 00| 0 eng d
020 _a955846423
040 _aLK-CoMWRAF
_dLK-CoMWRAF
_eLK-CoMWRAF
041 _asin
082 _a891.483
_bDIA
100 _a ඩයස්, සිඩ්නි මාකස්
245 _aගජමුතු
246 _aGajamuthu
260 _aඅණමඩුව :
_bතෝතැන්න ප්‍ර‍කාශන,
_c2001
650 _aළමා කතා
942 _cBK
999 _c3375
_d3375